La Segunda muerte anunciada de las ideologías: sobre una tesis de Fukuyama, Huntington y Revel /
Guardado en:
| Autor principal: | |
|---|---|
| Formato: | Texto |
| Materias: | |
| Etiquetas: |
Agregar Etiqueta
Sin Etiquetas, Sea el primero en etiquetar este registro!
|
MARC
| LEADER | 00000 a a2200000 04500 | ||
|---|---|---|---|
| 001 | 18233 | ||
| 003 | |||
| 040 | |||
| 100 | |a Sobrevilla, David | ||
| 245 | |a La Segunda muerte anunciada de las ideologías: |b sobre una tesis de Fukuyama, Huntington y Revel / |c David Sobrevilla | ||
| 650 | |a IDEOLOGIAS | ||
| 650 | |a IDEOLOGIAS POLITICAS | ||
| 650 | |a TEORIA POLITICA | ||
| 650 | |a CONF | ||
| 773 | |g número 82; páginas 79-91 | ||
| 999 | |c 32687 |d 32687 | ||
